[Event "Manaus op 2nd"]
[Site "Manaus"]
[Date "2023.10.16"]
[Round "8"]
[White "Da Silva, Vitoria Aparecida V"]
[Black "Mendes, Paulo Victor Penafo"]
[Result "1-0"]
[WhiteElo "1565"]
[BlackElo "1312"]
[PlyCount "61"]
[EventDate "2023.10.11"]
[EventType "swiss"]
[EventRounds "9"]
[EventCountry "BRA"]
[SourceTitle "Mega2024 Update 01"]
[Source "Chessbase"]
[SourceDate "2023.11.12"]
[SourceVersion "1"]
[SourceVersionDate "2023.11.12"]
[SourceQuality "1"]

1. c4 e5 2. Nc3 Nc6 3. g3 f5 4. d3 Nf6 5. Bg2 Bc5 6. Nf3 e4 7. dxe4 fxe4 8. Ng5 h6 9. Ngxe4 d6 10. Nxc5 dxc5 11. Bxc6+ bxc6 12. Qxd8+ Kxd8 13. 0-0 Be6 14. Rd1+ Ke7 15. b3 Rhf8 16. Be3 Nd7 17. Ne4 Bg4 18. f3 Bf5 19. Nxc5 Nxc5 20. Bxc5+ Kf6 21. Bxf8 Rxf8 22. Rd2 c5 23. Rad1 Re8 24. e4 Bh3 25. Rd5 Re7 26. g4 g6 27. Rxc5 h5 28. Rc6+ Kf7 29. gxh5 gxh5 30. Rh6 Re5 31. Rd5 1-0

[Event "Manaus op 2nd"]
[Site "Manaus"]
[Date "2023.10.14"]
[Round "6"]
[White "Rodrigues Franca, Carlos Alberto"]
[Black "Mendes, Paulo Victor Penafo"]
[Result "1-0"]
[WhiteElo "1556"]
[BlackElo "1312"]
[PlyCount "74"]
[EventDate "2023.10.11"]
[EventType "swiss"]
[EventRounds "9"]
[EventCountry "BRA"]
[SourceTitle "Mega2024 Update 01"]
[Source "Chessbase"]
[SourceDate "2023.11.12"]
[SourceVersion "1"]
[SourceVersionDate "2023.11.12"]
[SourceQuality "1"]

1. d4 d5 2. c4 e6 3. Nc3 Nf6 4. Bg5 Be7 5. e3 Nc6 6. Nf3 h6 7. Bh4 dxc4 8. Bxc4 a6 9. 0-0 b5 10. Bd3 0-0 11. a3 Bb7 12. Qc2 Qd6 13. Rac1 e5 14. Ne4 Nxe4 15. Bxe7 Qxe7 16. Bxe4 Qd6 17. Bxc6 Bxc6 18. Qxc6 Qxc6 19. Rxc6 exd4 20. Nxd4 Ra7 21. Rfc1 Rc8 22. Nf5 Kf8 23. Kf1 f6 24. Nd4 Ke7 25. Ne6 g5 26. Rxc7+ Rcxc7 27. Rxc7+ Rxc7 28. Nxc7 f5 29. Nxa6 Ke6 30. Ke2 Kd5 31. Kd3 Ke5 32. f3 f4 33. e4 h5 34. h3 h4 35. b4 Kf6 36. Kd4 Kg6 37. Nc7 Kh5 1-0

[Event "Manaus Amazonense Cup"]
[Site "Manaus"]
[Date "2022.12.10"]
[Round "6"]
[White "Bezerra, Fabiano de Oliveira"]
[Black "Mendes, Paulo Victor Penafo"]
[Result "1-0"]
[WhiteElo "1921"]
[BlackElo "1334"]
[PlyCount "51"]
[EventDate "2022.12.03"]
[EventType "swiss"]
[EventRounds "7"]
[EventCountry "BRA"]
[SourceTitle "EXT 2024"]
[Source "ChessBase"]
[SourceDate "2023.10.10"]
[SourceVersion "1"]
[SourceVersionDate "2023.10.10"]
[SourceQuality "1"]

1. Nf3 d5 2. b3 Nc6 3. e3 e5 4. Bb5 f6 5. Bxc6+ bxc6 6. Bb2 Ne7 7. d3 Bd7 8. Nbd2 g5 9. 0-0 c5 10. c4 d4 11. Ne4 Ng6 12. Ba3 dxe3 13. fxe3 g4 14. Nfd2 f5 15. Nxc5 Bxc5 16. Bxc5 Be6 17. Qe2 Qd7 18. Rad1 f4 19. exf4 exf4 20. Ne4 Qg7 21. Ng5 Ne5 22. Nxe6 Qf7 23. Qxe5 Qd7 24. Qxh8+ Kf7 25. Rxf4+ Kxe6 26. Qf6# 1-0

[Event "Manaus Amazonense Cup"]
[Site "Manaus"]
[Date "2022.12.03"]
[Round "1"]
[White "Mendes, Paulo Victor Penafo"]
[Black "Arenillas Nahuel, Oliveira"]
[Result "0-1"]
[WhiteElo "1334"]
[BlackElo "1898"]
[PlyCount "48"]
[EventDate "2022.12.03"]
[EventType "swiss"]
[EventRounds "7"]
[EventCountry "BRA"]
[SourceTitle "EXT 2024"]
[Source "ChessBase"]
[SourceDate "2023.10.10"]
[SourceVersion "1"]
[SourceVersionDate "2023.10.10"]
[SourceQuality "1"]

1. d4 Nf6 2. Nf3 g6 3. e3 d6 4. Nc3 Bg7 5. b3 c5 6. dxc5 Ne4 7. Nd4 Nxc3 8. Qd3 dxc5 9. Qxc3 cxd4 10. Qd3 0-0 11. Bb2 Qa5+ 12. Qd2 Qxd2+ 13. Kxd2 dxe3+ 14. Kc1 exf2 15. Bxg7 Kxg7 16. Bd3 e5 17. Rf1 f5 18. Rxf2 Be6 19. Kb2 Nc6 20. c3 Rad8 21. Bc2 e4 22. g3 Ne5 23. Rd1 Rxd1 24. Bxd1 Nd3+ 0-1

[Event "Manaus Amazonense Cup"]
[Site "Manaus"]
[Date "2022.12.03"]
[Round "2"]
[White "Samuel, Mauricio Antonio So"]
[Black "Mendes, Paulo Victor Penafo"]
[Result "1-0"]
[WhiteElo "1640"]
[BlackElo "1334"]
[PlyCount "81"]
[EventDate "2022.12.03"]
[EventType "swiss"]
[EventRounds "7"]
[EventCountry "BRA"]
[SourceTitle "EXT 2024"]
[Source "ChessBase"]
[SourceDate "2023.10.10"]
[SourceVersion "1"]
[SourceVersionDate "2023.10.10"]
[SourceQuality "1"]

1. d4 Nf6 2. c4 g6 3. g3 c5 4. Nf3 Nc6 5. d5 Na5 6. Nbd2 b6 7. Bg2 d6 8. 0-0 Bg7 9. Qc2 e5 10. dxe6 Bxe6 11. Ng5 Bd7 12. Bxa8 Qxa8 13. f3 d5 14. cxd5 Nxd5 15. Qe4+ Kf8 16. g4 f5 17. Qd3 Qc6 18. Nc4 Nxc4 19. Qxc4 h6 20. Nh3 Bf6 21. Nf4 Nxf4 22. Bxf4 fxg4 23. fxg4 Bxg4 24. Be5 Ke8 25. Rxf6 Qd7 26. Qf7+ Qxf7 27. Rxf7 Rf8 28. Rxf8+ Kxf8 29. e3 Ke7 30. Bb8 a6 31. Ba7 b5 32. Bxc5+ Ke6 33. Kf2 h5 34. Rg1 Bf5 35. b4 Kf6 36. h4 Be4 37. Rg5 Bf5 38. Kf3 Ke5 39. e4 Kf6 40. exf5 gxf5 41. Kf4 1-0